| 000 | 01070nam a2200241u 4500 | ||
|---|---|---|---|
| 001 | 000011805 | ||
| 005 | 20200929162555.0 | ||
| 008 | 820909s1953 ve ch 000 0 spa d | ||
| 040 |
_aDO-SdBNP _cCarP _dDLC _dBNPHU |
||
| 043 | _as-ve--- | ||
| 082 |
_aNNNN _bA472g |
||
| 245 | 0 | 0 |
_aGlosario de voces indigenas de Venezuela / : _bdirector Santiago Key-Ayala ; secretario Oscar Sambrano Urdaneta. |
| 260 |
_aCaracas : _bMinisterio de Educacion, Direccion de Cultura y Bellas Artes, _c1953. |
||
| 300 |
_axxvii, 422 p. : _bports., facsims. ; _c24 cm. |
||
| 490 | 1 |
_aObras Completas de Lisandro Alvarado _vvol. 1 |
|
| 650 | 0 |
_aSpanish language _xProvincialisms _zVenezuela. [From Old Catalog] _927951 |
|
| 650 | 0 |
_aSpanish language _xForeign words and phrases _xIndian. [from old catalog] _927952 |
|
| 700 | 1 |
_aKey-Ayala, Santiago, _927953 |
|
| 700 | 1 |
_aSambrano Urdaneta, Oscar, _924202 |
|
| 700 | 1 |
_aAlvarado, Lisandro, _d1858-1929. _tVoces geograficas. [from old catalog] _927954 |
|
| 830 | 0 | 0 |
_aObras Completas de Lisandro Alvarado _v1 _927955 |
| 910 | _aCatalogación derivada | ||
| 999 |
_c11479 _d11479 |
||